|
|
|
|
| LEADER |
00000nam a2200000 a 4500 |
| 001 |
vtls008388260 |
| 003 |
SK-MaSNL |
| 005 |
20260301043648.0 |
| 008 |
181109s1952 xo hun |
| 015 |
|
|
|a SKSNBA19451955-008393
|
| 035 |
|
|
|a SK01SNKBKSFS20010080477
|
| 035 |
|
|
|a SKM000082940
|
| 040 |
|
|
|a SNK
|b slo
|c SNK
|e AACR2
|
| 041 |
1 |
|
|a hun
|h rus
|
| 044 |
|
|
|a xo
|c SK
|
| 080 |
|
|
|a 32
|2 1981
|
| 080 |
|
|
|a 929 Marx, Karl
|2 1981
|
| 080 |
|
|
|a 929 Engels, Friedrich
|2 1981
|
| 100 |
1 |
|
|a Običkin, Gennadij Dmitrijevič,
|d 1899-1981
|4 aut
|9 279267
|
| 245 |
1 |
0 |
|a Marx K. és Engels F. "Kommunista kiáltványáról"
|b a szerző Moszkvában megtartott előadásának gyorsírói jegyzete
|c G[ennadij] D[mitrijevič] Običkin ; (oroszból ford. Tóth Tibor)
|
| 260 |
|
|
|a Pozsony
|a = [Bratislava]
|b Pravda
|c 1952
|e Košice
|f Pravda
|
| 300 |
|
|
|a 52, [3] s.
|c 8°
|
| 563 |
|
|
|a 1.500 výtlač.
|
| 600 |
1 |
7 |
|a Marx, Karl,
|d 1818-1883
|t Manifest komunistickej strany
|2 SNK
|9 52631
|
| 600 |
1 |
7 |
|a Engels, Friedrich,
|d 1820-1895
|t Manifest komunistickej strany
|2 SNK
|9 348854
|
| 655 |
|
7 |
|a monografie
|2 SNKPH
|9 70139
|
| 700 |
1 |
|
|a Tóth, Tibor
|4 trl
|9 5168
|
| 852 |
|
|
|a Slovenská národná knižnica v Martine
|b 10000
|h MS SD 8265
|
| 958 |
|
|
|a OND
|
| 958 |
|
|
|a RK
|
| 958 |
|
|
|a TL
|
| 999 |
|
|
|c 594113
|d 596043
|
| 952 |
|
|
|a SNK
|b SNK
|y VYP
|7 0
|p 17A1019712
|o snkSD 8265 D1
|i snkF 277/75
|8 5
|3 Recenzný výtlačok
|0 0
|1 0
|4 0
|d 2012-09-11
|l 0
|r 2026-02-23 15:34:14
|w 2026-02-23
|